Co to za marka? V2 - Statystyki

Ogólne statystyki
  • Ten quiz został rozwiązany 291 razy
  • Średni wynik to 9 z 15
Statystyki odpowiedzi
Model Marka % Poprawnych
Civic Honda
95%
Prelude Honda
95%
E38 BMW
87%
206 Peugeot
78%
Charger Dodge
72%
S90 Volvo
68%
Silvia Nissan
56%
Phateon Volkswagen
56%
Ateca Seat
51%
9-3 Saab
44%
Premacy Mazda
42%
156 Alfa Romeo
41%
Firebird/ Trans am Pontiac
29%
Sebring Chrysler
21%
Regal Buick
15%
Nie znaleziono quizów pasujących do podanych kryteriów
Rozkład punktacji
Procent ludzi z każdym wynikiem
Percentyl według liczby udzielonych odpowiedzi
Twoja historia wyników
Nie rozwiązałeś tego quizu